Responses for show #8431 - Monday, June 28, 2021

Courtney Shah game 1.
First game with Dr. Sanjay Gupta as guest host.
Champion's winnings & consolation amounts matched to Odyssey Atlanta.

Contestants

[<< previous game]

Spencer Pace, a store operations associate originally from Boston, Massachusetts

Courtney Shah, a community college instructor from Portland, Oregon

Austin Weiss, a pediatrician from San Diego, California (whose 1-day cash winnings total $12,900)

[next game >>]

Jeopardy! Round responses

ROCK BANDS
TALKING HEADS
JOURNEY
AMERICA
THE CARS
SOUND GARDEN
    $200 1
Aerosmith

Austin
    $200 15
MacArthur

Courtney
    $200 18
trek

Courtney
    $200 10
Pierre

Austin
    $200 22
the Prius

Austin
    $200 26
deer

Triple Stumper
    $400 2
The Who

Spencer
    $400 11
Helen Keller

Spencer
    $400 16
(Sanjay: What is hero's [*]?)

quest (HeroQuest)

Triple Stumper
    $400 7
Milwaukee County

Spencer
    $400 21
the dashboard

Courtney
    $400 27
gravel

Courtney
    $600 3
Lynyrd Skynyrd

Spencer
    $600 12
Rumsfeld

Spencer
    $600 17
(Sanjay: Yes, called St. Olav's Way.)

a pilgrimage

Spencer
    $600 6
New Haven

Spencer
    $600 23
Aston Martin

Spencer
    $600 28
a lawn mower

Courtney
    $800 4
The Cure

Spencer
    $800 13
Clara Barton

Spencer
    $1,400 19
(Courtney: [No response])

odyssey

Courtney
    $800 8
Texas

Courtney
    $800 24
the Fairlane

Courtney
    $800 29
feng shui

Spencer
    $1000 5
Imagine Dragons

Triple Stumper
    $1000 14
(Austin: Who is Khrushchev?)

Brezhnev

AustinCourtney
    $1000 20
Expedition

Austin
    $1000 9
Sun Valley

Austin
    $1000 25
Stutz

Triple Stumper
    $1000 30
trumpet

Austin

Scores at the first commercial break (after clue 15):

Austin Courtney Spencer
$400 $2,000 $4,600

Scores at the end of the Jeopardy! Round:

Austin Courtney Spencer
$2,600 $3,000 $6,600

Double Jeopardy! Round responses

NOVELLAS
ISLAMIC HISTORY
"A" BEFORE "E"
(Sanjay: Each response has to have the letter sequence "A-E".)
JAMES BEARD CHEF OF THE YEAR
SCIENCE
CHANNEL ISLANDS
    $400 30
Houston

Courtney
    $400 7
the Quran

Spencer
    $400 21
an aerosol

Triple Stumper
    $400 5
(Sanjay: [*], what is [**]? College.)
[Laughter]

Ramen noodles (ramen)

Triple Stumper
    $400 24
glucose

Austin
    $400 29
Manhattan

Courtney
    $800 14
George Eliot

Spencer
    $800 13
Sunni & Shia

Courtney
    $800 20
algae

Courtney
    $800 4
Ratatouille

Austin
    $800 19
Paleozoic

Triple Stumper
    $800 27
Lost

Triple Stumper
    $1200 15
Tristan

Spencer
    $1200 11
the Mongols

Austin
    $1200 10
vertebrae

Spencer
    $1200 1
(José) Andrés

Austin
    $1200 18
(Austin: What is a neutron?)

neutrinos

AustinSpencer
    $1200 6
Fantasy Island

Courtney
    $1600 16
Billy Budd

Spencer
    $1600 9
Saladin

Austin
    $1600 12
paella

Courtney
    $3,800 2
(Sanjay: She pioneered locally sourced and organic vegetables.)

Berkeley

Austin
    $1600 23
yellowcake

Courtney
    $1600 26
the Harlem Globetrotters

Courtney
    $2000 17
a Death Foretold

Triple Stumper
    $2000 8
Sufism

Spencer
    $2000 22
papillae

Austin
    $2000 3
(Tom) Colicchio

Austin
    $4,000 25
the Doppler effect

Austin
    $2000 28
Bloodline

Austin

Scores at the end of the Double Jeopardy! Round:

Austin Courtney Spencer
$20,400 $11,400 $15,000

[wagering suggestions for these scores]

Final Jeopardy! Round responses

MONARCHIES
(Sanjay: [To Courtney] Charles became the heir when his uncle, Franz Ferdinand, was assassinated; if you remember that was in [*] and that led to World War I.)
CourtneyWhat is 1914?
$4,000
SpencerWhat is 1500?
$14,999
AustinWhat is 1945?
$9,700
1914

Final scores:

Austin Courtney Spencer
$10,700 $15,400 $1
2nd place: $2,000 New champion: $15,400 3rd place: $1,000

Game dynamics:

Coryat scores:

Austin Courtney Spencer
$16,200 $12,800 $15,000
16 R
(including 2 DDs),
2 W
16 R,
1 W
(including 1 DD)
18 R,
0 W

Combined Coryat: $44,000

The J! Archive is created by fans, for fans. The Jeopardy! game show and all elements thereof, including but not limited to copyright and trademark thereto, are the property of Jeopardy Productions, Inc. and are protected under law. This website is not affiliated with, sponsored by, or operated by Jeopardy Productions, Inc. Join the discussion at JBoard.tv.